000 00727nam a2200205Ii 4500
003 JO-AjNU
008 230605s9999||||xx |||||||||||||| ||und||
017 _a1987/50
040 _aJO-AjNU
_bara
_erda
_cJO-AjNU
041 _aara
050 1 4 _aHB71.P4712.1987
100 3 _aيستون، موريس؛ ترجمة اثيل عبدالجبار الجومرد,
_eauthor
_938803
245 0 0 _aمبادىء استخدام المصفوفات في الاقتصاد
264 3 1 _aالموصل:وزارة التعليم العالي والبحث العلمي،1987
300 _a112ص
336 _atext
_btxt
_2rdacontent
337 _aunmediated
_bn
_2rdamedia
338 _avolume
_bnc
_2rdacarrier
650 4 _aاقتصاد
_938804
999 _aA16333
_c19901
_d19901